000
00304nam a2200121Ia 4500
005
20251222154408.0
008
251222s9999||||xx |||||||||||||| ||spa||
020
_a
84-226-0099-4
082
_a
868.6/G49C/1975
100
_a
"Gironella, José María"
245
0
_a
Los cipreses creen en Dios
942
_c
LIB
999
_c
35565
_d
35565